| 000 | 00819nam a2200205 4500 | ||
|---|---|---|---|
| 999 |
_c372158 _d372158 |
||
| 008 | 201207b ||||| |||| 00| 0 eng d | ||
| 040 |
_bger _cDE-2950 _erda _aDE-2950 |
||
| 041 | _ager | ||
| 245 |
_aIn der Politik zu Hause und in Brandenburg. Regine Hildebrandt und Angela Merkel / _cFabian Lehmann |
||
| 264 | _c2022 | ||
| 490 |
_aDie Mark Brandenburg _vAusgabe 127/ Dezember 2022. Frauen in Brandenburg |
||
| 653 | _aHildebrandt, Regine; Biologin, Politikerin, 1941-2001 | ||
| 653 | _aMerkel, Angela; Physikerin, Politikerin, 1954- | ||
| 653 | _aBrandenburg <Land> | ||
| 773 |
_dBerlin: Die Mark Brandenburg - Verlag für Regional- und Zeitgeschichte _g(2022), Ausgabe 127. Dezember 2022, S. 46-49 _tDie Mark Brandenburg |
||
| 942 | _cA | ||